000 00670nas a2200241 4500
001 BR7603556
003 BR-BrBNA
005 20231205083014.0
007 ta
008 230509b bl.|||p| |||| 00| 00por d
040 _aBR-BrBNA
_bpor
_cBiblioteca Nacional de Agricultura
041 _a(Pt)
072 _aL40; L10
100 1 _aAssis, J.V. de
245 1 _aJamnapari, uma raca que veio da India [cabra, criacao]
650 _aCABRA
650 _aRACA
650 _aCAPRINOCULTURA
650 _aINDIA
773 0 _tGranja (Brazil)
_xISSN 0367-505X
_g(Apr 1976), v. 32(339) p. 30-31
_wBR7603556
909 _a202311
_bLúcia
_c55
_dLúcia Elande
942 _2AGRIS
_n0
_cANA
999 _c95700
_d95700